banner-ar

كانت ملكة على مصر : (Record no. 35668)

MARC details
000 -الفاتح
حقل البيانات ثابتة الطول 01077nam a2200289Ia 4500
005 - وقت وتاريخ اخر تعامل مع التسجيلة
رقم الضبط 20240530102944.0
008 - عناصر البيانات ثابتة الطول - معلومات عامة
حقل البيانات ثابتة الطول 140319s1962 ua f 000 0 ara d
040 ## - مصدر الفهرسة
وكالة الفهرسة الأصلية GCL /
وكالة النسخ GCL
082 04 - رقم تصنيف ديوى العشرى
رقم التصنيف 923.1/
رقم المادة ق/هـ ك
رقم الطبعة 21
100 1# - المدخل الرئيسى - إسم شخصى
الإسم الشخصى هولمز،
245 10 - بيان العنوان
العنوان كانت ملكة على مصر :
بقية العنوان حتشبسوت - نفرتيتى - كليوبترا - شجرة الدر /
بيان المسئوليه,etc تاليف وينفرد هولمز ؛ ترجمة سعد احمد حسين ؛ راجعة احمد فخرى
260 ## - PUBLICATION, DISTRIBUTION, ETC. (IMPRINT)
تاريخ النشر أو التوزيع 1962
300 ## - الوصف المادى
التعداد 218 ص:
تفاصيل ماديه اخرى للوعاء ايض ؛
أبعاد الوعاء 24 سم
490 #0 - بيان السلسلة
عنوان السلسلة الالف كتاب ؛
رقم المجلد/ التعيين التسلسلي 392.
600 0# - المدخل الاضافى بالموضوع-اسم شخصى
الإسم الشخصى حتشبسوت
600 0# - المدخل الاضافى بالموضوع-اسم شخصى
الإسم الشخصى نفرتيتى
600 0# - المدخل الاضافى بالموضوع-اسم شخصى
الإسم الشخصى كليوبترا
600 0# - المدخل الاضافى بالموضوع-اسم شخصى
الإسم الشخصى شجرة الدر
650 07 - المدخل الاضافى بالموضوع-مصطلح موضوعى
مصطلح موضوعي الفراعنة
مصدر الرأس أو المصطلح qrmak
650 07 - المدخل الاضافى بالموضوع-مصطلح موضوعى
مصطلح موضوعي الحضارة الفرعونية
مصدر الرأس أو المصطلح qrmak
650 07 - المدخل الاضافى بالموضوع-مصطلح موضوعى
مصدر الرأس أو المصطلح qrmak
مصطلح موضوعي الملكات
651 07 - المدخل الاضافى بالموضوع - اسم جغرافى
مصدر الرأس أو المصطلح qrmak
الاسم الجغرافي مصر القديمة
700 0# - المدخل الاضافى - اسم شخصى
الإسم الشخصى سعد احمد حسين
الدور مترجم
700 0# - المدخل الاضافى - اسم شخصى
الإسم الشخصى احمد فخرى
الدور مراجع
942 ## - عناصر المدخل الإضافي( كوها)
مصدر التصنيف او مخطط الترفيف Dewey Decimal Classification
Koha [default] item type كتاب
260 ## - PUBLICATION, DISTRIBUTION, ETC. (IMPRINT)
-- القاهرة :
-- مؤسسة سجل العرب ،
Holdings
حالة التراجع حالة الفقد حالة تلف ليس للاعارة المكان المؤقت الموقع الحالى تاريخ الاكتساب اجمالي اﻻعارات رقم الطلب الباركود تاريخ اخر مشاهدة تاريخ تفعيل السعر نوع وعاء كوها
        مكتبة القاهرة الكبرى مكتبة القاهرة الكبرى 03/26/2014   923.1/ق/هـ ك 86876 03/26/2014 03/26/2014 كتاب
        مكتبة القاهرة الكبرى مكتبة القاهرة الكبرى 03/26/2014   923.1/ق/هـ ك 86877 03/26/2014 03/26/2014 كتاب
        مكتبة القاهرة الكبرى مكتبة القاهرة الكبرى 03/26/2014   923.1/ق/هـ ك 86878 03/26/2014 03/26/2014 كتاب
        مكتبة القاهرة الكبرى مكتبة القاهرة الكبرى 03/26/2014   923.1/ق/هـ ك 86879 03/26/2014 03/26/2014 كتاب
        مكتبة القاهرة الكبرى مكتبة القاهرة الكبرى 03/26/2014   923.1/ق/هـ ك 86880 03/26/2014 03/26/2014 كتاب
        مكتبة القاهرة الكبرى مكتبة القاهرة الكبرى 03/26/2014   923.1/ق/هـ ك 86881 03/26/2014 03/26/2014 كتاب
        مكتبة القاهرة الكبرى مكتبة القاهرة الكبرى 03/26/2014   923.1/ق/هـ ك 86882 03/26/2014 03/26/2014 كتاب
        مكتبة القاهرة الكبرى مكتبة القاهرة الكبرى 03/26/2014   923.1/ق/هـ ك 86883 03/26/2014 03/26/2014 كتاب
        مكتبة القاهرة الكبرى مكتبة القاهرة الكبرى 03/26/2014   923.1/ق/هـ ك 86884 03/26/2014 03/26/2014 كتاب
        مكتبة القاهرة الكبرى مكتبة القاهرة الكبرى 03/26/2014   923.1/ق/هـ ك 86885 03/26/2014 03/26/2014 كتاب

Powered By

EGPV